ბათუმის შოთა რუსთაველის სახელმწიფო უნივერსიტეტის ბიბლიოთეკა

Уроки по алгебре и началам анализа (в средних профтехучилищах) (ბიბ.ჩანაწერი № 38847)

000 -LEADER
fixed length control field 00615nam a2200193Ia 4500
001 - CONTROL NUMBER
control field 5257
003 - CONTROL NUMBER IDENTIFIER
control field GE_BSU
008 - FIXED-LENGTH DATA ELEMENTS--GENERAL INFORMATION
fixed length control field 181216s||||||||xx |||||||||||||| ||und||
040 ## - CATALOGING SOURCE
Transcribing agency GE_BSU
080 ## - UNIVERSAL DECIMAL CLASSIFICATION NUMBER
Universal Decimal Classification number 51(072)+517(072)
100 ## - MAIN ENTRY--PERSONAL NAME
Personal name Беденко, Н.К.; Денищева,Л.О.
245 ## - TITLE STATEMENT
Title Уроки по алгебре и началам анализа (в средних профтехучилищах)
260 ## - PUBLICATION, DISTRIBUTION, ETC.
Place of publication, distribution, etc. Москва
260 ## - PUBLICATION, DISTRIBUTION, ETC.
Name of publisher, distributor, etc. Высшая школа
260 ## - PUBLICATION, DISTRIBUTION, ETC.
Date of publication, distribution, etc. 1988
300 ## - PHYSICAL DESCRIPTION
Extent 239с. 20см.
653 ## - INDEX TERM--UNCONTROLLED
Uncontrolled term Уроки по алгебре и началам анализа
942 ## - ADDED ENTRY ELEMENTS (KOHA)
Koha item type წიგნი
ეგზემპლარები
Withdrawn status Lost status Damaged status Not for loan Date acquired Barcode Date last seen Price effective from Koha item type
        2018-12-17 16162 2018-12-17 2018-12-17 წიგნი